Derecho canónico fundamental / (Record no. 38183)
[ view plain ]
| 000 -LEADER | |
|---|---|
| campo de control de longitud fija | 00481nam a2200157 i 4500 |
| 001 - NÚMERO DE CONTROL | |
| campo de control | 38183 |
| 003 - IDENTIFICADOR DE NÚMERO DE CONTROL | |
| campo de control | ES-MaACL |
| 007 - CAMPO FIJO DE DESCRIPCIÓN FÍSICA--INFORMACIÓN GENERAL | |
| campo de control de longitud fija | t| |
| 008 - DATOS DE LONGITUD FIJA--INFORMACIÓN GENERAL | |
| campo de control de longitud fija | 030224s1960 sp ||||1| spa d |
| 100 1# - ENTRADA PRINCIPAL--NOMBRE DE PERSONA | |
| Nombre de persona | Cabreros de Anta, Marcelino |
| 9 (RLIN) | 33327 |
| 245 10 - MENCIÓN DEL TÍTULO | |
| Título | Derecho canónico fundamental / |
| Mención de responsabilidad, etc. | Marcelino Cabreros de Anta. |
| 260 ## - PUBLICACIÓN, DISTRIBUCIÓN, ETC. | |
| Lugar de publicación, distribución, etc. | Madrid : |
| Nombre del editor, distribuidor, etc. | Co. Cul, |
| Fecha de publicación, distribución, etc. | 1960 ( |
| Lugar de fabricación/manufactura | Palencia : |
| Fabricante | Diario Día) |
| 300 ## - DESCRIPCIÓN FÍSICA | |
| Extensión | 511 p. ; |
| Dimensiones | 25 cm. |
| 852 ## - LOCALIZACIÓN | |
| Ubicación | ES-MaACL |
| Número de control de estantería | B-4663 |
| Sublocalización o colección | R.48123 |
| Estatus retirado | Estado de pérdida | Estado de daño | No para préstamo | Biblioteca de origen | Biblioteca actual | Ubicación en estantería | Fecha de adquisición | Fuente de adquisición | Total de préstamos | Signatura topográfica completa | Código de barras | Visto por última vez | Precio de reemplazo | Tipo de ítem Koha |
|---|---|---|---|---|---|---|---|---|---|---|---|---|---|---|
| Biblioteca del Ateneo de Madrid | Biblioteca del Ateneo de Madrid | Sala Pardo Bazán | 17/01/2008 | B-4663 | 1040195 | 23/02/2023 | 23/02/2023 | Libro impreso |
